000 00192 a2200097 4500
020 _a9788498200591
041 _aspa
100 _aCassan, Fabian
245 _aMedicina alternativa
942 _cBK
999 _c30936
_d30934